Czy znasz imiona władców Europy? - Statystyki

Ogólne statystyki
  • Ten quiz został rozwiązany 64 razy
    18 od ostatniego zresetowania
  • Średni wynik to 5 z 11
Statystyki odpowiedzi
Kraj Tytuł Imię % Poprawnych
Hiszpania Król Filip VI
90%
Wielka Brytania Król Karol III
70%
Watykan Papież Leon XIV
70%
Belgia Król Filip
60%
Dania Król Fryderyk X
50%
Norwegia Król Harald V
50%
Monako Książę Albert II
30%
Holandia Król Wilhelm-Aleksander
30%
Luksemburg Wielki Książę Henryk
20%
Liechtenstein Książę Jan Adam II
20%
Szwecja Król Karol XVI Gustaw
20%
Nie znaleziono quizów pasujących do podanych kryteriów
Rozkład punktacji
Procent ludzi z każdym wynikiem
Percentyl według liczby udzielonych odpowiedzi
Twoja historia wyników
Nie rozwiązałeś tego quizu od ostatniego zresetowania